| 000 | 00604nam a22001937a 4500 | ||
|---|---|---|---|
| 999 |
_c61362 _d61362 |
||
| 005 | 20240223171132.0 | ||
| 008 | 240223s2019 tu ||||| |||| 00| 0 tur d | ||
| 020 | _a9789751107862 | ||
| 041 | _atur | ||
| 080 | _a94(560) K-93 | ||
| 100 |
_aKurnaz, Cemal _921279 |
||
| 245 |
_aMilli Mücadele Yazıları : _bHazırlayanlar / _cCemal Kurnaz, Sefika Kurnaz. |
||
| 264 |
_aAnkara, _c2019. |
||
| 300 |
_a162 p. : _b24 cm. |
||
| 521 | _aნაჩუქარი | ||
| 653 | _aსტატიები დამოუკიდებლობაზე | ||
| 700 |
_aKurnaz, Sefika _921280 |
||
| 942 |
_2udc _cBK |
||